[Event "The Irish Championship 2020"]
[Site "Colaiste Eanna, Dublin, Ireland"]
[Date "2020.08.09"]
[Round "9"]
[Board "9"]
[White "Brady, Stephen"]
[Black "Collins, Sam"]
[Result "1-0"]
[WhiteElo "2290"]
[BlackElo "2459"]
[PlyCount "0"]
[EventDate "2020.08.01"]
[EventRounds "9"]
[EventCountry "IRL"]

1. Nf3 {[%clk 02:16:06]} {[%emt 00:00:02]} d5 {[%emt 00:00:19]} 2. g3 {[%clk
02:16:31]} {[%emt 00:00:09]} g6 {[%emt 00:00:23]} 3. Bg2 {[%clk 02:16:56]}
{[%emt 00:00:06]} Bg7 {[%emt 00:00:25]} 4. O-O {[%clk 02:14:06]} {[%emt
00:03:15]} e5 {[%emt 00:02:08]} 5. d3 {[%clk 02:14:34]} {[%emt 00:00:03]} Nc6
{[%emt 00:01:31]} 6. c3 {[%clk 02:13:34]} {[%emt 00:01:29]} Nge7 {[%emt
00:04:23]} 7. e4 {[%clk 02:13:56]} {[%emt 00:00:07]} O-O {[%clk 02:08:54]}
{[%emt 00:02:10]} 8. b4 {[%clk 02:13:15]} {[%emt 00:01:15]} a6 {[%emt
00:03:26]} 9. Bb2 {[%clk 02:04:40]} {[%emt 00:09:09]} d4 {[%emt 00:11:44]} 10.
cxd4 {[%clk 02:01:17]} {[%emt 00:02:21]} exd4 {[%emt 00:00:36]} 11. a3 {[%clk
02:01:12]} {[%emt 00:00:32]} b5 {[%emt 00:00:26]} 12. Nbd2 {[%clk 01:56:35]}
{[%emt 00:05:07]} a5 {[%emt 00:08:12]} 13. bxa5 {[%clk 01:42:28]} {[%emt
00:14:37]} Nxa5 {[%emt 00:10:44]} 14. Nb3 {[%clk 01:42:37]} {[%emt 00:00:20]}
Nec6 {[%emt 00:12:34]} 15. Rc1 {[%clk 01:41:44]} {[%emt 00:01:21]} Be6 {[%emt
00:10:27]} 16. Nc5 {[%clk 01:37:16]} {[%emt 00:04:59]} Qe7 {[%emt 00:01:49]} 17.
Nd2 {[%clk 01:32:29]} {[%emt 00:05:19]} Rab8 {[%emt 00:15:54]} 18. f4 {[%clk
01:23:04]} {[%emt 00:09:57]} Nc4 {[%emt 00:06:39]} 19. Nxe6 {[%clk 01:16:00]}
{[%emt 00:07:27]} Nxb2 {[%emt 00:04:04]} 20. Qb3 {[%clk 01:11:11]} {[%emt
00:05:13]} Qxe6 {[%emt 00:19:18]} 21. Qxb2 {[%clk 01:11:02]} {[%emt 00:00:30]}
Rb6 {[%emt 00:01:50]} 22. e5 {[%clk 00:57:52]} {[%emt 00:13:40]} Rd8 {[%emt
00:05:55]} 23. Qc2 {[%clk 00:48:01]} {[%emt 00:10:22]} Ne7 {[%emt 00:01:54]} 24.
Qxc7 {[%clk 00:47:45]} {[%emt 00:00:11]} Rc8 {[%emt 00:01:47]} 25. Qa7 {[%clk
00:47:55]} {[%emt 00:00:18]} Rc3 {[%emt 00:02:40]} 26. Ne4 {[%clk 00:45:29]}
{[%emt 00:02:58]} Ra6 {[%emt 00:06:57]} 27. Qxd4 {[%clk 00:43:21]} {[%emt
00:02:38]} Rxc1 {[%emt 00:01:17]} 28. Rxc1 {[%clk 00:43:41]} {[%emt 00:00:09]}
Bf8 {[%emt 00:03:21]} 29. Nf6+ {[%clk 00:37:14]} {[%emt 00:06:59]} Kg7 {[%emt
00:01:22]} 30. Ne8+ {[%clk 00:37:35]} {[%emt 00:00:08]} Kg8 {[%emt 00:00:48]}
31. Nc7 {[%clk 00:37:34]} {[%emt 00:00:31]} Qb6 {[%emt 00:04:20]} 32. Qxb6
{[%clk 00:37:54]} {[%emt 00:00:12]} Rxb6 {[%emt 00:00:08]} 33. Rb1 {[%clk
00:38:16]} {[%emt 00:00:08]} Nf5 {[%emt 00:02:35]} 34. Rxb5 {[%clk 00:38:19]}
{[%emt 00:00:29]} Bxa3 {[%emt 00:00:27]} 35. Be4 {[%clk 00:27:20]} {[%emt
00:11:29]} Rxb5 {[%emt 00:00:58]} 36. Nxb5 {[%clk 00:27:48]} {[%emt 00:00:02]}
Bc5+ {[%emt 00:00:19]} 37. Kg2 {[%clk 00:27:41]} {[%emt 00:00:39]} Nd4 {[%emt
00:04:48]} 38. Nc3 {[%clk 00:23:59]} Kg7 {[%emt 00:01:39]} 39. Bd5 {[%clk
00:23:22]} {[%emt 00:00:41]} Nc2 {[%emt 00:01:17]} 40. Kf3 {[%clk 00:22:20]}
{[%emt 00:01:33]} Nd4+ {[%emt 00:00:33]} 41. Kg2 {[%clk 00:22:27]} {[%emt
00:00:20]} Nc2 {[%emt 00:00:24]} 42. Bc4 {[%clk 00:22:00]} {[%emt 00:00:48]}
Ne1+ {[%emt 00:01:32]} 43. Kf1 {[%clk 00:21:43]} {[%emt 00:00:50]} Nf3 {[%emt
00:00:52]} 44. Ne4 {[%clk 00:22:09]} {[%emt 00:00:08]} Bb6 {[%emt 00:04:02]} 45.
h3 {[%clk 00:21:52]} {[%emt 00:00:49]} g5 {[%emt 00:01:44]} 46. Nxg5 {[%clk
00:21:27]} {[%emt 00:00:57]} Nxg5 {[%clk 00:01:16]} {[%emt 00:00:09]} 47. fxg5
Bc7 {[%emt 00:01:34]} 48. d4 {[%clk 00:19:36]} {[%emt 00:02:55]} Bb6 {[%emt
00:00:25]} 49. d5 {[%clk 00:20:03]} {[%emt 00:00:06]} Bc7 {[%emt 00:01:31]} 50.
d6 {[%clk 00:20:20]} {[%emt 00:00:11]} Ba5 {[%emt 00:00:20]} 51. Kg2 {[%clk
00:20:31]} {[%emt 00:00:20]} Bc3 {[%emt 00:00:45]} 52. d7 {[%clk 00:20:44]}
{[%emt 00:00:19]} Ba5 {[%emt 00:00:08]} 53. Kf3 {[%clk 00:21:02]} {[%emt
00:00:14]} Kf8 {[%emt 00:00:23]} 54. e6 {[%clk 00:18:25]} {[%emt 00:03:09]} Bd8
{[%emt 00:00:09]} 55. exf7 {[%clk 00:18:09]} {[%emt 00:00:47]} Bxg5 {[%emt
00:00:13]} 56. Kg4 {[%clk 00:17:52]} {[%emt 00:00:43]} Bd8 {[%emt 00:03:23]} 57.
Kf5 {[%clk 00:15:51]} {[%emt 00:00:29]} Ke7 {[%emt 00:00:33]} 58. g4 {[%clk
00:15:58]} {[%emt 00:00:26]} Kf8 {[%emt 00:00:30]} 59. g5 {[%clk 00:16:15]}
{[%emt 00:00:16]} Kg7 {[%emt 00:01:04]} 60. h4 {[%clk 00:16:38]} {[%emt
00:00:10]} Kf8 {[%emt 00:00:49]} 61. Ke6 {[%clk 00:16:40]} {[%emt 00:00:30]}
Kg7 {[%emt 00:00:42]} 62. Bd3 {[%clk 00:17:06]} {[%emt 00:00:06]}  1-0

[Event "The Irish Championship 2020"]
[Site "Colaiste Eanna, Dublin, Ireland"]
[Date "2020.08.09"]
[Round "9"]
[Board "11"]
[White "Lyons, Brendan"]
[Black "Carroll, Peter"]
[Result "0-1"]
[WhiteElo "1941"]
[BlackElo "2009"]
[PlyCount "0"]
[EventDate "2020.08.01"]
[EventRounds "9"]
[EventCountry "IRL"]

1. e4 {[%clk 01:54:19]} {[%emt 00:21:50]} c5 {[%clk 02:06:54]} {[%emt
00:09:17]} 2. Nc3 {[%clk 01:54:44]} {[%emt 00:00:10]} g6 {[%clk 02:07:19]}
{[%emt 00:00:10]} 3. d4 {[%clk 01:55:13]} {[%emt 00:00:06]} Bg7 {[%clk
02:01:53]} {[%emt 00:06:01]} 4. dxc5 {[%clk 01:54:55]} {[%emt 00:00:54]} Qa5
{[%clk 01:42:00]} {[%emt 00:20:29]} 5. Bd2 {[%clk 01:54:21]} {[%emt 00:01:09]}
Qxc5 {[%clk 01:42:16]} {[%emt 00:00:18]} 6. Nd5 {[%clk 01:54:45]} {[%emt
00:00:10]} Na6 {[%clk 01:35:53]} {[%emt 00:07:00]} 7. Nf3 {[%clk 01:25:00]}
{[%emt 00:30:19]} e6 {[%clk 01:22:25]} {[%emt 00:14:03]} 8. b4 {[%clk
01:14:15]} {[%emt 00:11:21]} Qf8 {[%clk 01:21:22]} {[%emt 00:01:38]} 9. b5
{[%clk 01:05:08]} {[%emt 00:09:41]} exd5 {[%clk 01:17:56]} {[%emt 00:04:01]} 10.
bxa6 {[%clk 01:05:22]} {[%emt 00:00:21]} dxe4 {[%clk 01:17:39]} {[%emt
00:00:52]} 11. axb7 {[%clk 01:00:19]} {[%emt 00:05:38]} Bxb7 {[%clk 01:12:21]}
{[%emt 00:05:53]} 12. Rb1 {[%clk 00:59:58]} {[%emt 00:00:56]} exf3 {[%clk
01:12:25]} {[%emt 00:00:31]} 13. gxf3 {[%clk 00:34:54]} {[%emt 00:25:40]} Qe7+
{[%clk 01:12:10]} {[%emt 00:00:50]} 14. Be2 {[%clk 00:21:58]} {[%emt 00:13:30]}
Bxf3 {[%clk 01:10:49]} {[%emt 00:01:55]} 15. Be3 {[%clk 00:21:44]} {[%emt
00:00:50]} Bxh1 {[%clk 01:09:34]} {[%emt 00:01:51]} 16. Bb5 {[%clk 00:16:03]}
{[%emt 00:06:15]} Nf6 {[%clk 01:08:52]} {[%emt 00:01:17]} 17. Kf1 {[%clk
00:15:53]} {[%emt 00:00:45]} O-O {[%clk 01:08:37]} {[%emt 00:00:50]} 18. Rb3
{[%clk 00:15:39]} {[%emt 00:00:49]} Qe4 {[%clk 01:08:06]} {[%emt 00:01:07]}  0-1

[Event "The Irish Championship 2020"]
[Site "Colaiste Eanna, Dublin, Ireland"]
[Date "2020.08.09"]
[Round "9"]
[Board "12"]
[White "Byrne, Alex"]
[Black "Casey, Eoghan"]
[Result "1/2-1/2"]
[WhiteElo "1976"]
[BlackElo "1954"]
[PlyCount "0"]
[EventDate "2020.08.01"]
[EventRounds "9"]
[EventCountry "IRL"]

1. e4 {[%clk 02:16:09]} c5 {[%clk 02:16:06]} {[%emt 00:00:05]} 2. c3 {[%clk
02:16:43]} d5 {[%clk 02:16:36]} {[%emt 00:00:04]} 3. exd5 {[%clk 02:17:17]}
{[%emt 00:00:03]} Nf6 {[%clk 02:17:07]} {[%emt 00:00:03]} 4. Nf3 {[%clk
02:17:37]} {[%emt 00:00:15]} Nxd5 {[%clk 02:17:31]} {[%emt 00:00:11]} 5. d4
{[%clk 02:17:57]} {[%emt 00:00:14]} cxd4 {[%clk 02:18:01]} {[%emt 00:00:06]} 6.
cxd4 {[%clk 02:18:16]} {[%emt 00:00:17]} g6 {[%clk 02:15:46]} {[%emt 00:02:48]}
7. Nc3 {[%clk 02:16:38]} {[%emt 00:02:14]} Bg7 {[%clk 02:15:30]} {[%emt
00:00:51]} 8. Bc4 {[%clk 02:13:43]} {[%emt 00:03:30]} Nb6 {[%clk 02:14:43]}
{[%emt 00:01:22]} 9. Bb3 {[%clk 02:13:50]} {[%emt 00:00:28]} O-O {[%clk
02:14:58]} {[%emt 00:00:19]} 10. O-O {[%clk 02:14:22]} {[%emt 00:00:04]} Bg4
{[%clk 02:14:20]} {[%emt 00:01:13]} 11. h3 {[%clk 02:12:59]} {[%emt 00:01:58]}
Bxf3 {[%clk 02:12:15]} {[%emt 00:02:40]} 12. Qxf3 {[%clk 02:13:33]} Nc6 {[%clk
02:12:14]} {[%emt 00:00:36]} 13. Be3 {[%clk 02:12:48]} {[%emt 00:01:20]} Qd7
{[%clk 01:40:04]} {[%emt 00:32:45]} 14. Ne4 {[%clk 01:53:21]} {[%emt 00:20:03]}
Nxd4 {[%clk 01:33:26]} {[%emt 00:07:13]} 15. Bxd4 {[%clk 01:49:47]} {[%emt
00:04:09]} Qxd4 {[%clk 01:33:31]} {[%emt 00:00:30]} 16. Rad1 {[%clk 01:49:44]}
{[%emt 00:00:38]} Qxb2 {[%clk 01:10:27]} {[%emt 00:23:39]} 17. Nc5 {[%clk
01:26:48]} {[%emt 00:23:31]} Qc3 {[%clk 01:07:26]} {[%emt 00:03:35]} 18. Qxc3
{[%clk 01:26:58]} {[%emt 00:00:26]} Bxc3 {[%clk 01:07:59]} {[%emt 00:00:02]} 19.
Nxb7 {[%clk 01:24:42]} {[%emt 00:02:51]} Rfc8 {[%clk 00:33:06]} {[%emt
00:35:27]} 20. Rd3 {[%clk 01:19:35]} {[%emt 00:05:42]} Bb4 {[%clk 00:24:45]}
{[%emt 00:08:57]} 21. a3 {[%clk 01:12:12]} {[%emt 00:07:58]} Rab8 {[%clk
00:12:18]} {[%emt 00:13:01]} 22. axb4 {[%clk 01:12:01]} {[%emt 00:00:47]} Rxb7
{[%clk 00:12:48]} {[%emt 00:00:05]} 23. f4 {[%clk 01:09:48]} {[%emt 00:02:48]}
e6 {[%clk 00:09:52]} {[%emt 00:03:30]} 24. g4 {[%clk 01:10:13]} {[%emt
00:00:11]} Nd7 {[%clk 00:09:09]} {[%emt 00:01:18]} 25. f5 {[%clk 01:07:17]}
{[%emt 00:03:32]} Nf8 {[%clk 00:06:57]} {[%emt 00:02:46]} 26. Rf4 {[%clk
01:02:14]} {[%emt 00:05:37]} Rcb8 {[%clk 00:06:39]} {[%emt 00:00:54]} 27. fxe6
{[%clk 01:02:37]} {[%emt 00:00:12]} Nxe6 {[%clk 00:06:48]} {[%emt 00:00:26]} 28.
Bxe6 {[%clk 01:03:09]} {[%emt 00:00:02]} fxe6 {[%clk 00:07:17]} {[%emt
00:00:06]} 29. Rd6 {[%clk 01:03:36]} {[%emt 00:00:08]} Rxb4 {[%clk 00:02:16]}
{[%emt 00:05:37]} 30. Rxb4 {[%clk 01:04:09]} {[%emt 00:00:02]} Rxb4 {[%clk
00:02:50]} 31. Rxe6 {[%clk 01:04:43]} {[%emt 00:00:01]} Ra4 {[%clk 00:03:20]}
{[%emt 00:00:05]} 32. Re7 {[%clk 01:04:52]} {[%emt 00:00:25]} Ra2 {[%clk
00:02:51]} {[%emt 00:01:05]} 33. Rb7 {[%clk 01:05:19]} {[%emt 00:00:07]} a5
{[%clk 00:03:13]} {[%emt 00:00:13]} 34. Ra7 {[%clk 01:05:52]} {[%emt 00:00:02]}
a4 {[%clk 00:03:43]} {[%emt 00:00:06]} 35. Kh1 {[%clk 01:06:10]} {[%emt
00:00:16]} a3 {[%clk 00:03:51]} {[%emt 00:00:27]} 36. Kg1 {[%clk 01:06:44]}
{[%emt 00:00:02]} h6 {[%clk 00:04:07]} {[%emt 00:00:19]} 37. Kh1 {[%clk
01:07:11]} {[%emt 00:00:07]} Ra1+ {[%clk 00:03:10]} {[%emt 00:01:31]} 38. Kg2
{[%clk 01:07:44]} {[%emt 00:00:02]} a2 {[%clk 00:03:40]} {[%emt 00:00:05]} 39.
Kh2 {[%clk 01:08:15]} {[%emt 00:00:05]} Kf8 {[%clk 00:03:44]} {[%emt 00:00:31]}
40. Kg2 {[%clk 01:08:45]} {[%emt 00:00:05]} Ke8 {[%clk 00:04:04]} {[%emt
00:00:15]} 41. Kh2 {[%clk 01:09:20]} Kd8 {[%clk 00:04:32]} {[%emt 00:00:06]} 42.
Kg2 {[%clk 01:09:54]} Kc8 {[%clk 00:04:59]} {[%emt 00:00:07]} 43. Kh2 {[%clk
01:10:28]} {[%emt 00:00:02]} Kb8 {[%clk 00:05:28]} {[%emt 00:00:06]} 44. Ra3
{[%clk 01:10:59]} {[%emt 00:00:02]} Kb7 {[%clk 00:05:52]} {[%emt 00:00:13]} 45.
Kg2 {[%clk 01:11:24]} {[%emt 00:00:11]} Kb6 {[%clk 00:06:21]} {[%emt 00:00:05]}
46. Kh2 {[%clk 01:11:50]} {[%emt 00:00:10]} Kb5 {[%clk 00:04:48]} {[%emt
00:02:06]} 47. Kg2 {[%clk 01:12:20]} {[%emt 00:00:06]} Kc5 {[%clk 00:04:24]}
{[%emt 00:00:59]} 48. Ra4 {[%clk 01:12:31]} {[%emt 00:00:24]} Kd5 {[%clk
00:04:46]} {[%emt 00:00:13]} 49. Ra5+ {[%clk 01:13:00]} {[%emt 00:00:06]} Ke4
{[%clk 00:05:15]} {[%emt 00:00:06]} 50. Ra3 {[%clk 01:13:20]} {[%emt 00:00:11]}
Kf4 {[%clk 00:05:32]} {[%emt 00:00:21]} 51. Ra5 {[%clk 01:13:44]} {[%emt
00:00:10]} Ke4 {[%clk 00:01:38]} {[%emt 00:04:31]} 52. Ra4+ {[%clk 01:14:13]}
{[%emt 00:00:05]} Ke5 {[%clk 00:01:59]} {[%emt 00:00:14]} 53. Ra5+ {[%clk
01:14:38]} {[%emt 00:00:11]} Kf4 {[%clk 00:02:07]} {[%emt 00:00:26]} 54. Kh2
{[%clk 01:15:09]} {[%emt 00:00:04]} Kf3 {[%clk 00:00:54]} {[%emt 00:01:47]} 55.
Ra3+ {[%clk 01:15:36]} {[%emt 00:00:08]} Ke4 {[%clk 00:00:53]} {[%emt
00:00:37]} 56. Ra5 {[%clk 01:16:00]} {[%emt 00:00:11]}  1/2-1/2

[Event "The Irish Championship 2020"]
[Site "Colaiste Eanna, Dublin, Ireland"]
[Date "2020.08.09"]
[Round "9"]
[Board "14"]
[White "Jackson, Carl"]
[Black "MacElligott, Gerard"]
[Result "1/2-1/2"]
[WhiteElo "2021"]
[BlackElo "2020"]
[PlyCount "0"]
[EventDate "2020.08.01"]
[EventRounds "9"]
[EventCountry "IRL"]

1. b3 {[%clk 02:14:20]} {[%emt 00:00:10]} e5 {[%emt 00:01:43]} 2. Bb2 {[%clk
02:13:32]} {[%emt 00:00:11]} Nc6 {[%clk 02:16:09]} {[%emt 00:00:25]} 3. e3 Nf6
{[%emt 00:00:33]} 4. Bb5 {[%clk 02:14:13]} {[%emt 00:00:12]} Bd6 {[%emt
00:00:29]} 5. Ne2 {[%clk 02:14:12]} {[%emt 00:00:28]} O-O {[%emt 00:04:54]} 6.
O-O {[%clk 02:14:21]} {[%emt 00:00:18]} Re8 {[%emt 00:01:41]} 7. Ng3 {[%clk
02:14:18]} {[%emt 00:00:30]} Ne7 {[%emt 00:17:22]} 8. Na3 {[%clk 02:00:39]}
{[%emt 00:05:24]} Ng6 {[%emt 00:01:30]} 9. Be2 {[%clk 01:59:39]} {[%emt
00:01:29]} c6 {[%emt 00:02:56]} 10. Nh5 {[%clk 01:57:12]} {[%emt 00:02:53]}
Nxh5 {[%emt 00:08:14]} 11. Bxh5 {[%clk 01:57:12]} {[%emt 00:00:21]} Qe7 {[%emt
00:04:39]} 12. Nc4 {[%clk 01:54:28]} {[%emt 00:03:16]} Bc7 {[%clk 01:48:39]}
{[%emt 00:00:46]} 13. d4 {[%clk 01:53:57]} {[%emt 00:01:04]} d5 {[%emt
00:04:32]} 14. Nxe5 {[%clk 01:46:17]} {[%emt 00:08:07]} Nxe5 {[%emt 00:02:48]}
15. dxe5 {[%clk 01:46:25]} {[%emt 00:00:19]} Bxe5 {[%emt 00:00:23]} 16. Bxe5
{[%clk 01:46:24]} {[%emt 00:00:35]} Qxe5 {[%emt 00:00:21]} 17. Bf3 {[%clk
01:46:30]} {[%emt 00:00:22]} Bf5 {[%emt 00:05:07]} 18. Rc1 {[%clk 01:41:32]}
{[%emt 00:05:17]} Rad8 {[%emt 00:14:21]} 19. Qd4 {[%clk 01:39:27]} {[%emt
00:02:27]} Qxd4 {[%emt 00:08:21]}  1/2-1/2